| 000 | 00618nam a22001937a 4500 | ||
|---|---|---|---|
| 005 | 20161104102028.0 | ||
| 010 | _aENG-116196 | ||
| 020 |
_a9789380677668 _c650.00 |
||
| 035 | _aEN-99728 | ||
| 037 | _bDBAD/PUB | ||
| 082 | _a954.14035092 | ||
| 100 | _aKanungo,Hem Chandra | ||
| 245 |
_aAccount of the revolutionary movement in Bangal / _bby Hem Chandra Kanungo ; edited by Amiya K.Samanta |
||
| 260 |
_aKolkata _bSetu Prakashni _c2015 |
||
| 270 |
_a12/A Sankar Ghosh Lane _bKolkata _e700006 |
||
| 300 |
_ax,246p. _b21cm(pbk) |
||
| 700 | _a Amiya K.Samanta | ||
| 942 |
_2ddc _cEN _h954.14035092 _mKAN |
||
| 999 |
_c103954 _d103954 |
||